000 00703nam a2200229Ii 4500
003 JO-AjNU
008 230605s9999||||xx |||||||||||||| ||und||
017 _a2016/3/1336
020 _a978-9957-184-69-8
040 _aJO-AjNU
_bara
_erda
_cJO-AjNU
041 _aara
050 1 4 _aD16.8.Z39.2017
100 3 _aالزيدي، مفيد,
_eauthor
_960280
245 0 0 _aالمدخل الى فلسفة التاريخ
250 _aط1
264 3 1 _aعمان: دار المناهج للنشر والتوزيع، 2017
300 _a136ص
336 _atext
_btxt
_2rdacontent
337 _aunmediated
_bn
_2rdamedia
338 _avolume
_bnc
_2rdacarrier
650 4 _aالفلسفة - تاريخ
_960281
999 _aA27173
_c30741
_d30741